Flagi świata, ale Nordyckie - Statystyki

Ogólne statystyki
  • Ten quiz został rozwiązany 17 razy
  • Średni wynik to 93 z 196
Statystyki odpowiedzi
Obrazkowy Odpowiedź % Poprawnych
Dania
100%
Finlandia
100%
Islandia
100%
Norwegia
100%
Stany Zjednoczone
100%
Szwecja
100%
Kanada
94%
Niemcy
94%
Argentyna
82%
Australia
82%
Brazylia
82%
Chiny
82%
Francja
82%
Hiszpania
82%
Irlandia
82%
Korea Południowa
82%
Meksyk
82%
Wielka Brytania
82%
Arabia Saudyjska
76%
Belgia
76%
Cypr
76%
Egipt
76%
Grecja
76%
Indie
76%
Irak
76%
Japonia
76%
Kazachstan
76%
Korea Północna
76%
Kosowo
76%
Nowa Zelandia
76%
Portugalia
76%
Republika Południowej Afryki
76%
Włochy
76%
Wybrzeże Kości Słoniowej
76%
Bhutan
71%
Etiopia
71%
Iran
71%
Kolumbia
71%
Mongolia
71%
Pakistan
71%
Rosja
71%
Turcja
71%
Wietnam
71%
Azerbejdżan
65%
Bangladesz
65%
Demokratyczna Republika Konga
65%
Holandia
65%
Nepal
65%
Niger
65%
Turkmenistan
65%
Ukraina
65%
Uzbekistan
65%
Chile
59%
Gruzja
59%
Izrael
59%
Laos
59%
Mjanma
59%
Serbia
59%
Szwajcaria
59%
Algieria
53%
Andora
53%
Filipiny
53%
Jamajka
53%
Katar
53%
Kenia
53%
Kirgistan
53%
Łotwa
53%
Malta
53%
Singapur
53%
Sri Lanka
53%
Tajwan
53%
Tunezja
53%
Urugwaj
53%
Albania
47%
Angola
47%
Armenia
47%
Bośnia i Hercegowina
47%
Botswana
47%
Bułgaria
47%
Liban
47%
Litwa
47%
Maroko
47%
Monako
47%
Panama
47%
Polska
47%
Rumunia
47%
San Marino
47%
Somalia
47%
Tanzania
47%
Watykan
47%
Węgry
47%
Wenezuela
47%
Afganistan
41%
Bahrajn
41%
Białoruś
41%
Brunei
41%
Chorwacja
41%
Ekwador
41%
Haiti
41%
Macedonia Północna
41%
Malawi
41%
Mołdawia
41%
Mozambik
41%
Papua-Nowa Gwinea
41%
Peru
41%
Słowacja
41%
Słowenia
41%
Tajlandia
41%
Uganda
41%
Barbados
35%
Benin
35%
Dominika
35%
Dominikana
35%
Erytrea
35%
Estonia
35%
Eswatini
35%
Fidżi
35%
Gabon
35%
Ghana
35%
Gwatemala
35%
Honduras
35%
Jemen
35%
Kambodża
35%
Kuwejt
35%
Lesotho
35%
Madagaskar
35%
Malezja
35%
Mali
35%
Mikronezja
35%
Nauru
35%
Nikaragua
35%
Oman
35%
Salwador
35%
Syria
35%
Tadżykistan
35%
Togo
35%
Zambia
35%
Zjednoczone Emiraty Arabskie
35%
Belize
29%
Boliwia
29%
Burundi
29%
Czad
29%
Czarnogóra
29%
Gambia
29%
Grenada
29%
Gujana
29%
Gwinea Równikowa
29%
Kamerun
29%
Kiribati
29%
Komory
29%
Kongo
29%
Kostaryka
29%
Kuba
29%
Liberia
29%
Libia
29%
Mauretania
29%
Namibia
29%
Nigeria
29%
Palau
29%
Paragwaj
29%
Republika Środkowoafrykańska
29%
Republika Zielonego Przylądka
29%
Saint Kitts i Nevis
29%
Saint Lucia
29%
Saint Vincent i Grenadyny
29%
Samoa
29%
Senegal
29%
Sierra Leone
29%
Surinam
29%
Tonga
29%
Vanuatu
29%
Wyspy Marshalla
29%
Wyspy Salomona
29%
Zimbabwe
29%
Austria
24%
Burkina Faso
24%
Czechy
24%
Dżibuti
24%
Gwinea
24%
Gwinea Bissau
24%
Liechtenstein
24%
Malediwy
24%
Rwanda
24%
Timor Wschodni
24%
Trynidad i Tobago
24%
Tuvalu
24%
Wyspy Świętego Tomasza i Książeca
24%
Antigua i Barbuda
18%
Bahamy
18%
Indonezja
18%
Jordania
18%
Seszele
18%
Sudan
18%
Sudan Południowy
18%
Luxemburg
12%
Mauritius
6%
Nie znaleziono quizów pasujących do podanych kryteriów
Rozkład punktacji
Procent ludzi z każdym wynikiem
Percentyl według liczby udzielonych odpowiedzi
Twoja historia wyników
Nie rozwiązałeś tego quizu